Armenien-Quiz - Statistiken

Allgemein
  • Dieses Quiz wurde 2.086 mal gespielt
  • Das Durchschnittsergebnis liegt bei 13 aus 20
Antwortstatistiken
Frage Antwort % Korrekt
Nachbarland Georgien
97%
Nachbarland Aserbaidschan
95%
Nachbarland Türkei
95%
Länder außerhalb von Armenien mit den meisten Leuten armenischer Herkunft Russland
90%
Ehemaliges Land, zu dem Armenien bis 1991 gehörte Sowjetunion
89%
Nachbarland Iran
85%
Hauptstadt Jerewan
85%
Deutsch hat davon 26, Griechisch hat 24, Armenisch hat 39 Buchstaben
84%
Reich, das für den Völkermord an den Armeniern 1914-23 verantwortlich war Osmanisches Reich
78%
Bergkette, in der sich Armenien befindet Kaukasus
75%
In Armenien fand die erste aufgezeichnete Produktion dieses Getränks statt, ca. 4100 v. Chr. Wein
68%
Armenien hat die meisten Großmeister pro Kopf in diesem Sport
* Länder über 1 Million Einwohnern
Schach
66%
Länder außerhalb von Armenien mit den meisten Leuten armenischer Herkunft Vereinigte Staaten
59%
Um 300 n. Chr. wurde Armenien das erste Land, das dies offiziell annahm Christentum
57%
Hoher Berg in einem der Nachbarländer, der ein Nationalsymbol Armeniens ist Ararat
43%
Frucht mit Anfangsbuchstaben A, die angeblich aus Armenien stammt Aprikosen
31%
Armenisch für "Armenien" {Haya}stan
20%
Währung von Armenien Dram
19%
Französischsprachiger Sänger armenischer Herkunft, der außerdem Botschafter war Charles Aznavour
17%
Binnensee, der ca. 4% von Armeniens Landfläche ausmacht Sewansee
17%
Keine übereinstimmenden Quizze gefunden
Verteilung der Resultate
Anzahl Personen mit jedem Resultat
Perzentil nach korrekt beantworteten Fragen
Ihre Resultats-Entwicklung
Sie haben dieses Quiz noch nicht gespielt